000 00287nam a22001217a 4500
082 _a320
100 _aBavani, Ibrahim Ahmed
245 _aQoomi Taraqi K La-e-aaml
260 _aKarachi :
_bMuslim News International,
300 _a174 p. ;
_b21 cm.
500 _aPaperback.
942 _cBK
999 _c34147
_d34147